000 00487nam a2200181Ia 4500
003 GCL
008 140319s9999 xx 000 0 ara d
040 _aGCL /
_cGCL
082 0 4 _a618.92
_bت ا
100 1 _aتبرى، د . ج .
245 1 0 _aامراض الطفل /
_cتبرى، د . ج .
300 _a147 ص
490 _a
650 0 4 _aطب الاطفال
650 0 4 _aالاطفال - العناية الصحية
650 0 4 _aالاطفال - امراض
942 _2ddc
_cBK
999 _c47860
_d47860